00708cam a2200205Mi 45000010006000000050017000060080041000230350023000640400018000870200015001050200018001200350020001382450108001582600040002663000028003065000042003346530056003767000031004327000039004635047720230411090003.0060721s2006 sp 000 0 spa d a(OCoLC)ocm70768562 aPL#bspacPL# a8497425405 a9788497425407 a(OCoLC)7076856200aRadriografía de la investigación pública en España /cJesús Sebastián, Emilio Muñoz, eds. aMadrid :bBiblioteca Nueva,cc2006. a542 p. :bil. ;c24 cm. aIncluye referencias bibliográficas. aInvestigación científica y desarrolloaEspaña1 aSebastián, Jesús,eed.1 aMuñoz, Emilio,d(1937- )eed.